01593nas a2200241Ia 4500001001100000003001000011008004100021040002500062041001300087100001400100210001000114222001000124245013300134250001100267260005400278300001200332310001600344362001300360500042500373501011400798520042500912650001401337R050-R1078IT-CnALBA170116c99999999xx |||||||||||| ||und|| aIT-CnALBAcIT-CnALBA aITALIANO aNOVE ALEC aL'EST aL'EST 0aL'EST. N. II-III. ANNO 1969. RIVISTA TRIMESTRALE DI STUDI SUI PAESI DELL'EST. b RIVISTA TRIMESTRALE DI STUDI SUI PAESI DELL'EST a1a ed. aMILANObCESES, CENTRO STUDI R. PROB. ECON. c1969 a190 p.  aTRIMESTRALE a (1969) aSTORIA GERARCHIA NAZIONALITÀ IN URSS. RELIGIONE EBRAICA IN URSS. MARXISMO LIBERALISMO E INDUSTRIALIZZAZIONE. ECONOMIA UNGHERESE DOPO LA II GUERRA MONDIALE. POLITICA CULTURALE SOTTO NOVOTNY. POLITICA DEL NON ALLINEAMENTO DI BELGRADO. COMECON. DIFFICOLTÀ E OSTACOLI DELLE RIFORME. DIRITTO BULGARO. ESECUZIONE DI M. GILAS. STERPELLONE A. CRESPI REGHIZZI G. DE BIASI V. POCOBELLI F. CANARELLA G. SALVINI G. BEREND I. T.  aSocietà San Paolo EM - Piazza San Paolo, 14 - 12051 ALBA (CN) (non commercial uses only) ® Copyright 2017 aSTORIA GERARCHIA NAZIONALITÀ IN URSS. RELIGIONE EBRAICA IN URSS. MARXISMO LIBERALISMO E INDUSTRIALIZZAZIONE. ECONOMIA UNGHERESE DOPO LA II GUERRA MONDIALE. POLITICA CULTURALE SOTTO NOVOTNY. POLITICA DEL NON ALLINEAMENTO DI BELGRADO. COMECON. DIFFICOLTÀ E OSTACOLI DELLE RIFORME. DIRITTO BULGARO. ESECUZIONE DI M. GILAS. STERPELLONE A. CRESPI REGHIZZI G. DE BIASI V. POCOBELLI F. CANARELLA G. SALVINI G. BEREND I. T.  aPERIODICI